Identify the Hindu deity (picture quiz) - Statistics

General Stats
  • This quiz has been taken 1,198 times
    970 since last reset
  • The average score is 10 of 14
Answer Stats
Picture Answer % Correct
Ganesha
95%
Vishnu
93%
Shiva
92%
Krishna
90%
Hanuman
89%
Kali
86%
Brahma
85%
Durga
80%
Saraswati
78%
Lakshmi
74%
Indra
50%
Agni
35%
Garuda
35%
Nandi
29%
No matching quizzes found
Score Distribution
Percent of People with Each Score
Percentile by Number Answered
Your Score History
You have not taken this quiz since the last reset